000 00841nam a2200241 i 4500
001 105994
003 ES-MaACL
005 20250731070134.0
007 t|
008 060919s1958 sp ||||1| spa d
080 _a821.134.2-31.09"19"
100 1 _aNora, Eugenio de.
_985952
245 1 3 _aLa novela española contemporánea.
_n, . 1,
_p(1898-1927) /
_cEugenio G. de Nora.
260 _aMadrid :
_bGredos,
_c1958.
300 _a570 p. ;
_c21 cm.
490 1 _aBiblioteca románica hispánica. II. Estudios y ensayos ;
_v41
500 _aBiblioteca Juan Andrade.
505 8 _aEs el vol. 1º: 1898-1927
650 1 4 _aNovela española-
_yS.XX-
_xHistoria y crítica
_915617
830 0 _aBiblioteca románica hispánica. II. Estudios y ensayos ;
_v41
_9178108
852 _aES-MaACL
_jAND-987
_bR.110273
999 _c105994
_d105994